000 00517nam a2200181 4500
003 LK-CoDNM
005 20231221100607.0
008 231221b |||||||| |||| 00| 0 eng d
020 _a9786245768134
040 _aLK-CoDNM
_dLK-CoDNM
_eLK-CoDNM
041 _asin
080 _aX8C31
_bලෙව්කේ
100 _aලෙව්කේබණ්ඩාර,සචිනි
245 _aස්වේත සමුද්‍ර
260 _aRagama
_bThara Publication
_c2022
300 _a232p.,21cm
942 _n0
_cBK
999 _c144211
_d144211